| 000 | 00000nam##2200000za#4500 |
| 001 | 9.646381 |
| 003 | CaOODSP |
| 005 | 20200330131402 |
| 007 | ta |
| 008 | 150407|1996||||xxc||||| f|0| 0 eng|d |
| 020 | |a0-662-25193-8 |
| 040 | |aCaOODSP|beng |
| 043 | |an-cn--- |
| 086 | 1 |aNE23-53/1996E |
| 110 | 1 |aCanada. |bNational Energy Board. |
| 245 | 10|aNatural gas market assessment: Canadian natural gas : |bten years after deregulation |
| 260 | |aCalgary - Alberta : |bNational Energy Board |c1996. |
| 300 | |ax, 59p. : |bfigs., graphs, references ; |c28 cm. |
| 500 | |a"The purposes of this report are to: 1) review the changes that have taken place in the Canadian natural gas market in the ten years since the gas market was deregulated; 2) describe the current functioning of the market; and 3) assist the Board in assessing whether or not the market is generally operating in such a way that Canadian requirements for natural gas are being met at fair market prices."--Overview. |
| 520 | 3 |aThe purposes of this report are to: 1) review the changes that have taken place in the Canadian natural gas market in the ten years since the gas market was deregulated; 2) describe the current functioning of the market; and 3) assist the Board in assessing whether or not the market is generally operating in such a way that Canadian requirements for natural gas are being met at fair market prices.--Overview |
| 563 | |aSoftcover |
| 590 | |a96-49|b1996-12-06 |
| 776 | 0#|tNatural gas market assessment : |w(CaOODSP)9.695974 |